| 000 | 00334nam a22001337a 4500 | ||
|---|---|---|---|
| 020 | _a978-8126508273 | ||
| 040 | _cSCME | ||
| 100 |
_a Erwin Kreyszig. _913321 |
||
| 245 |
_aAdvanced Engineering Mathematics / _c Erwin Kreyszig. |
||
| 250 | _a8th edition | ||
| 260 |
_aNew york _b Wiley _c 1999 |
||
| 300 | _a1156p | ||
| 942 |
_2ddc _cBK |
||
| 999 |
_c609027 _d609027 |
||